000 00475nam a2200133Ia 4500
005 20260209120147.0
008 260209s9999||||xx |||||||||||||| ||und||
100 _aDeepak Maan
245 0 _aBail jurisprudence in India – a way forward
260 _aBangaloreBangalore
_bNLSIU, Bangalore
_c2023
300 _a51 p. ; 25 cm.
700 _aDr. Preeti Pratishruti – Supervisor Dr. Preeti Pratishruti – Supervisor
856 _uhttps://dans.nls.ac.in/handle/123456789/1193
999 _c217587
_d217587